| 000 | 00785nam a22002292 4500 | ||
|---|---|---|---|
| 001 | 0000020118 | ||
| 005 | 20151217154438.0 | ||
| 008 | 110704s xx 000 0 eng d | ||
| 020 | _a0023619333 : | ||
| 040 |
_aKABU _cKABU |
||
| 100 | 1 |
_aKalbus, Barbara H. _@0000180200 |
|
| 245 | 1 | 2 |
_aA Laboratory manual and study guide for Human anatomy. 3rd ed. / _cBarbara H. Kalbus, Kenneth G. Neal, Margaret A. Wilson. |
| 250 | _a1st ed. | ||
| 260 |
_aUpper Saddle River, NJ. : _bPrentice Hall, _c1986. |
||
| 300 | _avii, 283 p. | ||
| 650 | 0 |
_aHuman anatomy _xLaboratory manuals. _@0000180191 |
|
| 700 | 1 |
_aNeal, Kenneth G. _@0000180201 |
|
| 700 | 1 |
_aWilson, Margaret A. _@0000180202 |
|
| 852 | 1 | _9p400 KES | |
| 908 | _a110704 | ||
| 950 | _@1 | ||
| 999 |
_c11316 _d11316 |
||